000 01190nam a2200349 c 4500
001 57576
003 CO-BoRNBP
005 20250714101507.0
007 ta
008 210819s2017 ck a cr 000 j spa d
020 _a9789587803648
040 _aCO-BoRNBP
_bspa
_erda
_cCO-BoRNBP
041 0 _aspa
084 _aC
100 _aMelibea
_eaut
_91158
245 1 0 _aAnimales urbanos /
_cdel texto Melibea ; de las ilustraciones Rafael Yockteng.
250 _aPrimera edición
264 1 _aBogotá, Colombia :
_bEdiciones SM,
_c2017
300 _a[36] páginas :
_bilustraciones
336 _2rdacontent
_atexto
_btxt
337 _2rdamedia
_asin mediación
_bn
338 _2rdacarrier
_avolumen
_bnc
500 _aMelibea es el seudónimo de Melibea Garavito Carranza
521 _aRecomendado para un público infantil mayor de 9 años
650 0 7 _aAnimales
_vcuentos
_2lemb
_9745
650 0 7 _aCuentos infantiles colombianos
_ysiglo xxi
_2lemb
_9965
650 0 7 _aImaginación
_vcuentos
_2lemb
_91499
650 0 7 _aJuventud
_vcuentos
_2lemb
_961060
650 0 7 _aLiteratura infantil colombiana
_ysiglo xxi
_2lemb
_9966
700 _aYockteng, Rafael,
_d1976-
_eill
942 _2loc
_cBKLIT
999 _c57576
_d57576